Le conflit des facultés en trois sections 1798
Збережено в:
| Формат: | Книга |
|---|---|
| Мова: | Французька |
| Опубліковано: |
París
J. Vrin
1955
|
| Редагування: | 2a. ed |
| Серія: | Bibliothèque des Textes Philosophiques
|
| Предмети: | |
| Теги: |
Додати тег
Немає тегів, Будьте першим, хто поставить тег для цього запису!
|
MARC
| LEADER | 00000nam a2200000 a 4500 | ||
|---|---|---|---|
| 001 | UCZ3066 | ||
| 003 | CL-VaPUC | ||
| 005 | 20240820103257.0 | ||
| 008 | 951013e19550000FR |||||||||||||||||fre|d | ||
| 999 | |c 239595 |d 239593 | ||
| 040 | |c Pontificia Universidad Católica de Valparaíso | ||
| 082 | 0 | 4 | |a 142.3 |b KAN |2 21 |
| 245 | 1 | 3 | |a Le conflit des facultés en trois sections 1798 |
| 250 | |a 2a. ed | ||
| 260 | |a París |b J. Vrin |c 1955 | ||
| 300 | |a 149 p | ||
| 490 | 0 | |a Bibliothèque des Textes Philosophiques | |
| 583 | |a last modification |c 19951013 00:00:00 |k Rodrigo Vera | ||
| 650 | 0 | |a Kantismo |9 311003 | |
| 650 | 0 | |a Teoría del conocimiento |9 255038 | |
| 650 | 0 | |a Fenomenología |9 256519 | |
| 650 | 0 | |a Filosofía alemana |9 265002 | |
| 650 | 0 | |a Idealismo |9 265685 | |
| 852 | |a BIBCUR | ||
| 942 | |c BK |2 ddc | ||
| 945 | |d 19951013 00:00:00 |a lriquelm | ||
| 952 | |0 0 |1 0 |4 0 |6 142_300000000000000_KAN_1955 |7 0 |8 P |9 250858 |a BIBEDU |b BIBEDU |c BIBEDU_PB |d 2019-11-18 |i 1583670 |o 142.3 KAN 1955 |p 1583670 |r 2024-01-25 |w 2019-11-18 |y BK |k FIL | ||